000 00422cam a2200169ua 4500
041 _aeng
_h
082 _a155.2
_bMCK/PS
100 _aMckinney, Fred .
245 _aPsychology of personal adjustment /
_cFred Mckinney.
_hTextual Documents
250 _a3 /
_b.
260 _aNew York :
_bJohn Wiley & Sons ,
_c1960.
300 _a490 ; .
500 _a**Reference
504 _a
942 _cBK
999 _c9035
_d9035